Karaoke around the world : (Record no. 6201)

MARC details
000 -LEADER
fixed length control field 01452cam a2200229 4500
001 - CONTROL NUMBER
control field 7277
008 - FIXED-LENGTH DATA ELEMENTS--GENERAL INFORMATION
fixed length control field 010511r20011998enk 000 0 eng
020 ## - INTERNATIONAL STANDARD BOOK NUMBER
International Standard Book Number 0415258545
082 04 - DEWEY DECIMAL CLASSIFICATION NUMBER
Classification number 306.484
Edition number 21
090 ## - LOCALLY ASSIGNED LC-TYPE CALL NUMBER (OCLC); LOCAL CALL NUMBER (RLIN)
Classification number (OCLC) (R) ; Classification number, CALL (RLIN) (NR) ML3795
Local cutter number (OCLC) ; Book number/undivided call number, CALL (RLIN) .K22 2001
100 ## - MAIN ENTRY--PERSONAL NAME
Personal name Mitsui, Toru
Numeration
Titles and words associated with a name
Dates associated with a name
Relator term editor
Fuller form of name
245 00 - TITLE STATEMENT
Title Karaoke around the world :
Remainder of title global technology, local singing /
Statement of responsibility, etc. edited by Toru Mitsui and Shuhei Hosokawa
260 ## - PUBLICATION, DISTRIBUTION, ETC.
Place of publication, distribution, etc. London :
Name of publisher, distributor, etc. Routledge,
Date of publication, distribution, etc. 2001
300 ## - PHYSICAL DESCRIPTION
Extent 224 p. :
Other physical details ill. ;
Dimensions 24 cm
500 ## - GENERAL NOTE
General note Originally published: 1998
505 ## - FORMATTED CONTENTS NOTE
Formatted contents note The genesis, definition, and historical overview / Toru Mitsui -- The effects of karaoke on music life in Japan / Hiroshi Ogawa -- Middle-aged and older women and karaoke / Shinobu Oku -- The adaptability of karaoke in the United Kingdom / William Kelly -- From TV to holidays : karaoke in Italy / Paolo Prato -- Filling voids along the byway : identification and interpretation in the Swedish forms of karaoke / Johan Fornas -- Singing in a cultural enclave : karaoke in Japanese- Brazilian community / Shuhei Hosokawa -- The karaoke dilemna : on the interaction between collectivism and individualism / Casy Man Kong Lum -- Karaoke in East Asia / Akiko Otake and Shuehei Hosokawa.
Miscellaneous information
Statement of responsibility
Title
650 #0 - SUBJECT ADDED ENTRY--TOPICAL TERM
Topical term or geographic name entry element Karaoke
General subdivision Social aspects
700 1# - ADDED ENTRY--PERSONAL NAME
Personal name Hosokawa, Shuhei,
Dates associated with a name 1955-
Personal name Mitsui, To�ru,
Dates associated with a name 1948-
830 #0 - SERIES ADDED ENTRY--UNIFORM TITLE
Uniform title Routledge research in cultural and media studies ;
Volume/sequential designation 3
Holdings
Withdrawn status Lost status Source of classification or shelving scheme Damaged status Not for loan Collection code Home library Current library Shelving location Date acquired Serial Enumeration / chronology Inventory number Total Checkouts Full call number Barcode Date last seen Price effective from Koha item type
    Dewey Decimal Classification     Main TEST RTC Library RTC Library Main opac 27/11/2018 11232   306.4 MIT 30011077 27/11/2018 27/11/2018 Main
Royal Thimphu College || All Right Reserved